Central Library OPAC University of Rajshahi

Troubled children/troubled parents : (Record no. 29633)

MARC details
000 -LEADER
fixed length control field 00940pam a2200301 i 4500
001 - CONTROL NUMBER
control field 29633
003 - CONTROL NUMBER IDENTIFIER
rucl marc code BD-RjUL
005 - DATE AND TIME OF LATEST TRANSACTION
control field 20211209051434.0
008 - FIXED-LENGTH DATA ELEMENTS--GENERAL INFORMATION
fixed length control field 140406s1979 nyu b 000 0 eng d
020 ## - INTERNATIONAL STANDARD BOOK NUMBER
International Standard Book Number 0689109369
035 ## - SYSTEM CONTROL NUMBER
System control number (BD-RjUL) 29718
040 ## - CATALOGING SOURCE
Original cataloging agency DLC
Transcribing agency DLC
Modifying agency DLC
-- BD-RjUL
Language of cataloging eng
041 ## - LANGUAGE CODE
Language code of text/sound track or separate title eng
082 00 - DEWEY DECIMAL CLASSIFICATION NUMBER
Classification number 618.928900240431
Author mark and year GOT 1979
100 1# - MAIN ENTRY--PERSONAL NAME
Personal name Goldstein, Stanley,
Dates associated with a name 1939-
9 (RLIN) 90285
245 10 - TITLE STATEMENT
Title Troubled children/troubled parents :
Remainder of title the way out /
Statement of responsibility, etc. by Stanley Goldstein.
250 ## - EDITION STATEMENT
Edition statement 1st ed.
260 ## - PUBLICATION, DISTRIBUTION, ETC. (IMPRINT)
Place of publication, distribution, etc. New York :
Name of publisher, distributor, etc. Atheneum,
Date of publication, distribution, etc. 1979.
300 ## - PHYSICAL DESCRIPTION
Pagination xiv, 209 p. ;
Size 21 cm.
504 ## - BIBLIOGRAPHY, ETC. NOTE
Bibliography, etc Includes bibliographical references.
650 #0 - SUBJECT ADDED ENTRY--TOPICAL TERM
Topical term or geographic name as entry element Emotional problems of children.
9 (RLIN) 90286
Topical term or geographic name as entry element Parent and child.
9 (RLIN) 90287
Topical term or geographic name as entry element Mentally ill children.
9 (RLIN) 90288
Topical term or geographic name as entry element Child psychotherapy
General subdivision Residential treatment.
9 (RLIN) 16009
942 ## - ADDED ENTRY ELEMENTS (KOHA)
Source of classification or shelving scheme Dewey Decimal Classification
Koha item type Books
Holdings
Lost status Source of classification or shelving scheme Damaged status Not for loan Collection code Permanent Location Current Location Shelving location Date acquired Source of acquisition Total Checkouts Full call number Date last seen Copy number Koha item type
  Dewey Decimal Classification   Added to bundle Non-fiction Central Library, University of Rajshahi Central Library, University of Rajshahi Reading Room 08/10/1985 Asia Fundation Gift   618.928900240431 GOT 1979 06/04/2014 C-1 Books
  Dewey Decimal Classification     Non-fiction Central Library, University of Rajshahi Central Library, University of Rajshahi   10/09/1986 Asia Fundation Gift   618.928900240431 GOT 1979 06/04/2014 C-2 Books